000 00621cam a2200217u 4500
001 6069991
003 OSt
005 20160526020002.0
008 820519s1958 nyu 000 0 eng
010 _a 58001348
040 _aDLC
_cCarP
_dDLC
050 0 0 _aLB885
_b.M6 1958a
100 1 _aMontagu, Ashley,
_d1905-1999.
_936357
245 1 0 _aEducation and human relations,
260 _aNew York,
_bGrove Press
_c[1958]
300 _a191 p.
_c21 cm.
650 0 _aEducation
_xPhilosophy.
_936358
650 0 _aInterpersonal relations.
_936359
906 _a0
_bcbc
_cpremunv
_du
_encip
_f19
_gy-gencatlg
942 _2lcc
_cBK
_01
999 _c61459
_d61433